Statystyki dla Najrzadziej zgadywane stolice państw świata na JetPunk

Kliknij tutaj aby rozwiązać quiz!

Ogólne statystyki

  • Ten quiz został rozwiązany 13 razy
  • Średni wynik to 9 z 15

Statystyki odpowiedzi

PaństwoStolica% odgadnięć% Poprawnych
EswatiniMbabane7%
83%
NauruYaren7%
83%
Wybrzeże Kości SłoniowejJamusukro7%
75%
KomoryMoroni7%
67%
Republika ŚrodkowoafrykańskaBangi7%
58%
TuvaluFunafuti5%
58%
Wyspy MarshallaMajuro6%
58%
Gwinea RównikowaMalabo7%
58%
LesothoMaseru7%
58%
PalauNgerulmud5%
58%
TongaNuku'alofa6%
58%
KiribatiTarawa6%
58%
Saint Kitts i NevisBasseterre7%
50%
BurundiGitega7%
50%
MikronezjaPalikir7%
50%

Rozkład punktacji

Percentyl według liczby udzielonych odpowiedzi

Procent ludzi z każdym wynikiem

Twoja historia wyników

Nie rozwiązałeś tego quizu